Normal view MARC view
  • Cornelius, Peter k.

Entry Nombre Personal

Number of records used in: 1

001 - NUMERO DE CONTROL

  • campo de control: 57615

003 - IDENTIFICADOR DE NUMERO DE CONTROL

  • campo de control: MX-MxUPN

005 - FECHA Y HORA DE LA ÜLTIMA TRANSACCIÓN

  • campo de control: 20250904103746.0

008 - DATOS DE LONGITUD FIJA

  • campo de control de longitud fija: 250904|| aca||aabn | a|a d

040 ## - FUENTE DE CATALOGACIÓN

  • Agencia original de catalogación: MX-MxUPN

100 ## - ENCABEZAMIENTO - NOMBRE PERSONAL

  • Nombre personal: Cornelius, Peter k.
  • Término de relación: edición

670 ## - FUENTE EN LA QUE SE LOCALIZARON DATOS

  • Cita de la fuente: The Latin American competitiveness report, 2001-2002
  • Información localizada: Portada: (Peter K. Cornelius, World Economic Forum)

902 ## - CATALOGADOR

  • Catalogador: Berenice Martínez/040925